000 00742nam a2200265Ia 4500
003 OSt
005 20221006153553.0
006 a|||||r|||| 00| 0
007 ta
008 221006b |||||||| |||| 00| 0 eng d
020 _a6108995135241
024 _a32,726
037 _bGift, 23/10/2007, Korean Embassy
_cTextual
040 _aEASL
_cEASL
_beng
041 _2eng
_aeng
082 _aY7495k, P4
100 _aSuh Cheong-Soo Ed.
_9664264
245 0 _aEncyclopaedia of Korean culture
260 _aSeoul
_bHansebon Korea
_c2004
300 _a798p.
_ccm.
490 _v RR
650 _aKEL
942 _hY7495k, P4
_cTEXL
_2CC
999 _c1100812
_d1100812